000 00550nam a2200193Ia 4500
003 OSt
005 20250612155736.0
008 210210b1987 xxu||||| |||| 00| 0 eng d
040 _cAL
041 _aKannada
082 _aK894.3 REKS
100 _aREKHA KAKHANDAKI
_dರೇಖಾ ಕಾಖಂಡಕಿ
_9214681
245 _aSambhavami yuge yuge
_b ಸಂಭವಾಮಿ ಯುಗೇ ಯುಗೇ
260 _aBengaluru
_bHamsadhvani Prakashana
_c1987
300 _a207
690 _aKannada Fiction
_9214682
906 _a041573
942 _2ddc
_cBK
999 _c91145
_d91145